Statistics for Vocabulary Words With Three M's

Click here to take the quiz!

General Stats

  • This quiz has been taken 80 times
  • The average score is 10 of 20

Answer Stats

definitionword% Correct
extinct, hairy, elephantmammoth
90%
God gave 10 of these at Mt Sinaicommandments
88%
breast x-raymammogram
85%
mother (US)mommy
85%
lowest amountminimum
78%
mother (UK)mummy
72%
highest amountmaximum
71%
of breastsmammary
62%
theory where property is all state-ownedcommunism
57%
ages ago: since time _______immemorial
50%
ceremony remembering a past eventcommemoration
49%
mass times velocitymomentum
46%
legal or diplomatic written notememorandum
41%
present in salts derived from ammoniaammonium
29%
mistake-riddled managementmismanagement
28%
dedication to a cause, or activitycommitment
22%
1/64th notehemidemisemi{quaver}
22%
weeks around the longest daymidsummer
21%
measures blood pressure{sphyg}momanometer
19%
emphasis on profit-making above all elsecommercialism
4%

Score Distribution

Percentile by Number Answered

Percent of People with Each Score

Your Score History

You have not taken this quiz